Villes d'Indre-et-Loire en images - Statistiques

Statistiques générales
  • Ce quiz a été pris 132 fois
  • Le résultat moyen est 10 sur 18
Statistiques - réponses
Par images Hint Réponse % Correct
T Tours
100%
A Amboise
95%
C Chenonceau
93%
C Chinon
81%
V Villandry
81%
L Loches
79%
S Saint-Pierre-des-Corps
79%
A Azay-le-Rideau
71%
M Monts
64%
L Langeais
50%
M Montbazon
43%
R (U) Rigny-Ussé
40%
(L) R La Riche
39%
V Vouvray
25%
T Tauxigny
22%
S Semblançay
17%
M Montrésor
16%
P Parçay-Meslay
10%
Aucun quiz correspondant
Distribution des résultats
% des personnes avec chaque résultat
Percentile par nombre de réponses
Votre historique - résultats
Vous n’avez pas pris ce quiz